000 01542nam a22002177a 4500
005 20260130091931.0
008 220531b ||||| |||| 00| 0 eng d
020 _a9780099579939
040 _cAloy
041 _aeng
082 _223
_a823.92
_bJAMF
100 _aE L James
_9253230
245 _aFifty shades of grey
260 _aLondon:
_bArrow Books,
_c2012
300 _ax,546p.
_bPB
_c19x13cm.
365 _2English
_a1179
_b399.00
_c
_d499.00
_e20%
_f25-05-2022
520 _aWhen literature student Anastasia Steele goes to interview young entrepreneur Christian Grey, she encounters a man who is beautiful, brilliant, and intimidating. The unworldly, innocent Ana is startled to realize she wants this man and, despite his enigmatic reserve, finds she is desperate to get close to him. Unable to resist Ana’s quiet beauty, wit, and independent spirit, Grey admits he wants her, too—but on his own terms. Shocked yet thrilled by Grey’s singular erotic tastes, Ana hesitates. For all the trappings of success—his multinational businesses, his vast wealth, his loving family—Grey is a man tormented by demons and consumed by the need to control. When the couple embarks on a daring, passionately physical affair, Ana discovers Christian Grey’s secrets and explores her own dark desires. Erotic, amusing, and deeply moving, the Fifty Shades Trilogy is a tale that will obsess you, possess you, and stay with you forever.
650 _aEnglish Fiction
_939759
650 _aEnglish Literature
_939760
942 _2ddc
_cBK
999 _c223165
_d223165